00476 a2200169 450000100060000002000150000604000240002110000330004524000290007824500240010730000070013136200090013865000310014794200070017895201040018599900170028969350 a8598553123 cAnchieta - Itaigara aCedraz, Antônio Luiz Ramos10aA vaca preguiçosalpor10aA vaca preguiçosa a270 a2006 4aLiteratura infanto-juvenil cBK 00104070a88.1b88.1d2023-11-21l0o028.5 CED VACp1567/ITAr2023-11-21 20:03:52w2023-11-21yBK c69350d69350